| 000 | 00636nam a2200229Ia 4500 | ||
|---|---|---|---|
| 003 | OSt | ||
| 005 | 20220928103132.0 | ||
| 006 | a|||||r|||| 00| 0 | ||
| 007 | ta | ||
| 008 | 220927b |||||||| |||| 00| 0 eng d | ||
| 024 | _a58984 | ||
| 037 | _cTextual | ||
| 040 |
_aSDCL _cSDCL _beng |
||
| 041 |
_2eng _aeng |
||
| 082 | _aY49(J):4582.252'N36, M8 | ||
| 100 |
_aPratap Mahendra _9402513 |
||
| 245 | 0 | _aUttar Pradesh mein kisan andolan | |
| 260 |
_aNew Delhi _bVanee Publication _c1988 |
||
| 300 |
_a200p _ccm. |
||
| 942 |
_hY49(J):4582.252'N36, M8 _cTEXL _2CC |
||
| 999 |
_c718338 _d718338 |
||